000 00894cam a2200289 a 4500
999 _c2175
_d2175
001 772083
003 OSt
005 20230322090713.0
008 180725s2011 enka b 000 1 eng d
020 _a9781409572077
_q(pbk.) :
040 _aTWTCL
_beng
_cTWTCL
_eaacr
_dKH8
041 0 _aeng
042 _anbic
082 0 _a823.92 PUN
100 1 _aPunter, Russell.
_eauthor
245 1 4 _aThe perfect pet /
_cwritten by Russell Punter ; illustrated by Mike and Carl Gordon.
260 _aLondon :
_bUsborne,
_c2011.
300 _a32 p. :
_bcol. ill. ;
_c20 cm.
490 1 _aUsborne very first reading ;
_v3.
490 1 _aMy first reading library.
650 0 _aPets
_xJuvenile fiction.
700 1 _aGordon, Mike.
_eillustrator
700 1 _aGordon, Carl,
_d1972-
_eillustrator
830 0 _aUsborne very first reading.
830 0 _aMy first reading library.
942 _2ddc
_cNFIC